[Event "TCh-TUR Super League 2018"]
[Site "Ankara TUR"]
[Date "2018.07.29"]
[Round "6.5.7"]
[White "Isik, Alparslan"]
[Black "Tarlabasi, Emirhan"]
[Result "1-0"]
[WhiteTitle "FM"]
[WhiteElo "2212"]
[BlackElo "2117"]
[WhiteTeam "BESIKTAS JIMNASTIK KULUBU"]
[BlackTeam "TAS DUVAR SPOR KULUBU DERNEGI"]
[WhiteFideId "34506896"]
[BlackFideId "6350275"]
[EventDate "2018.07.25"]

1. d4 d5 2. c4 e6 3. Nc3 Be7 4. Nf3 Nf6 5. Bf4 O-O 6. e3 a6 7. cxd5 exd5 8. Bd3
Be6 9. Qc2 c5 10. dxc5 Nbd7 11. O-O Nxc5 12. Nd4 Rc8 13. Rfd1 b5 14. Qb1 b4 15.
Nce2 Qb6 16. Nf5 Bxf5 17. Bxf5 Ne6 18. Be5 g6 19. Bc2 Ng4 20. Bg3 Rfd8 21. Bb3
Qb7 22. Rd2 Nf6 23. Qd1 Nc5 24. Nf4 Nxb3 25. Qxb3 g5 26. Ne2 Ne4 27. Rd4 Qb5 28.
Re1 Bf6 29. Rdd1 Nc5 30. Qc2 Ne4 31. Qb1 b3 32. axb3 Qxb3 33. Nd4 Bxd4 34. Rxd4
Rc4 35. Qd1 Qxd1 36. Rexd1 Rxd4 37. Rxd4 Rc8 38. Kf1 Rc1+ 39. Ke2 Rc2+ 40. Kf3
Nxg3 41. Kxg3 Rc5 42. Kg4 h6 43. b4 Rb5 44. Kh5 Kg7 45. f4 f6 46. f5 a5 47. bxa5
Rxa5 48. h3 Rc5 49. g3 Ra5 50. Rb4 Ra7 51. Rb6 Re7 52. g4 Kf7 53. Rb3 Kg7 54.
Ra3 Rd7 55. Rd3 Rd8 56. Rd4 Re8 57. Rxd5 Re7 58. e4 Kf7 59. Ra5 Kg7 60. Ra6 Kf7
61. Rb6 Rxe4 62. Rb7+ Ke8 63. Kg6 Re3 64. Kxf6 Rxh3 65. Kg7 1-0

[Event "TCh-TUR Super League 2018"]
[Site "Ankara TUR"]
[Date "2018.07.29"]
[Round "6.5.8"]
[White "Celik, Eda"]
[Black "Can, Isil"]
[Result "0-1"]
[BlackTitle "WCM"]
[WhiteElo "1864"]
[BlackElo "1862"]
[WhiteTeam "TAS DUVAR SPOR KULUBU DERNEGI"]
[BlackTeam "BESIKTAS JIMNASTIK KULUBU"]
[WhiteFideId "6351727"]
[BlackFideId "34505733"]
[EventDate "2018.07.25"]

1. Nf3 d5 2. g3 c5 3. Bg2 Nc6 4. d3 Nf6 5. O-O e6 6. Nbd2 Bd6 7. e4 O-O 8. Re1
Qc7 9. c3 b6 10. Qe2 dxe4 11. dxe4 e5 12. Nf1 h6 13. Ne3 Ne7 14. Rd1 Bb7 15. Nh4
Rad8 16. Ng4 Nxg4 17. Qxg4 Kh7 18. Qh5 Ng8 19. Be3 g6 20. Qe2 Be7 21. Rf1 Bxh4
22. gxh4 Qe7 23. h5 g5 24. Bh3 Nf6 25. Bf5+ Kh8 26. Qf3 Rg8 27. Rad1 g4 28. Qg2
Nxh5 29. Bxh6 Nf4 30. Bxf4 exf4 31. Rxd8 Qxd8 32. Bxg4 Qh4 33. f3 Bxe4 34. h3 f5
35. fxe4 fxg4 36. Rxf4 Qe1+ 37. Rf1 Qe3+ 38. Qf2 gxh3+ 39. Kh1 Qxe4+ 40. Qf3 Re8
41. Qxe4 Rxe4 42. Rf7 Re2 43. Rxa7 Rxb2 44. Rb7 Rxa2 45. Rxb6 Rc2 46. Rh6+ Kg7
47. Rxh3 Kf6 48. Kg1 Ke5 49. Kf1 Kd5 50. Ke1 Kc4 51. Kd1 Rxc3 52. Rh8 Rg3 53.
Rc8 Kd3 54. Rd8+ Kc3 55. Rc8 c4 56. Ke2 Rg4 57. Kd1 Rg1+ 58. Ke2 Rc1 59. Rc7 Kb2
60. Rb7+ Kc2 61. Rc7 c3 62. Rb7 Rh1 63. Rc7 Rh8 64. Re7 Rd8 65. Ke1 Kc1 66. Ke2
c2 67. Rc7 Re8+ 68. Kd3 Kd1 69. Kd4 0-1

[Event "TCh-TUR Super League 2018"]
[Site "Ankara TUR"]
[Date "2018.07.29"]
[Round "6.6.1"]
[White "Nihal, Sarin"]
[Black "Kuzubov, Yuriy"]
[Result "1/2-1/2"]
[WhiteTitle "IM"]
[BlackTitle "GM"]
[WhiteElo "2551"]
[BlackElo "2660"]
[WhiteTeam "GENC AKADEMISYENLER EGITIM KULTUR VE ARASTIRMA KULUBU"]
[BlackTeam "TARSUS ZEKA SATRANC KULUBU"]
[WhiteFideId "25092340"]
[BlackFideId "14112906"]
[EventDate "2018.07.25"]

1. c4 c5 2. Nf3 Nf6 3. Nc3 e6 4. e4 Nc6 5. Be2 d5 6. exd5 exd5 7. d4 cxd4 8.
Nxd4 dxc4 9. Nxc6 Qxd1+ 10. Nxd1 bxc6 11. Bxc4 Nd5 12. O-O Be6 13. b3 Be7 14.
Bd2 O-O 15. Ba5 Rfe8 16. Re1 h6 17. Rb1 Bf6 18. Rc1 Bd4 19. Bd2 Rad8 20. h3 c5
21. Ba5 Rb8 22. Rc2 Bf5 23. Rce2 Rxe2 24. Rxe2 Be6 25. g3 g5 26. Kg2 Kg7 27. Nb2
Kf6 28. Nd3 h5 29. Rd2 Nb6 30. Bxe6 Kxe6 31. Ne1 Nd5 32. Nf3 Bf6 33. Re2+ 1/2-1/2

[Event "TCh-TUR Super League 2018"]
[Site "Ankara TUR"]
[Date "2018.07.29"]
[Round "6.6.2"]
[White "Mchedlishvili, Mikheil"]
[Black "Koksal, Ege"]
[Result "1/2-1/2"]
[WhiteTitle "GM"]
[BlackTitle "IM"]
[WhiteElo "2608"]
[BlackElo "2378"]
[WhiteTeam "TARSUS ZEKA SATRANC KULUBU"]
[BlackTeam "GENC AKADEMISYENLER EGITIM KULTUR VE ARASTIRMA KULUBU"]
[WhiteFideId "13600966"]
[BlackFideId "6317626"]
[EventDate "2018.07.25"]

1. d4 Nf6 2. Bg5 Ne4 3. Bf4 d5 4. e3 e6 5. Bd3 Nf6 6. Nd2 Bd6 7. Bg3 O-O 8. Ngf3
c5 9. c3 Nc6 10. Ne5 Qc7 11. f4 b6 12. O-O Bb7 13. Bh4 Ne8 14. Rf3 g6 15. Rh3
Ne7 16. Bxe7 Qxe7 17. Qg4 f5 18. Qg3 Nf6 19. Ndf3 Qg7 20. Ng5 Rae8 21. Qh4 Re7
22. Rf1 Bc8 23. Be2 Ne4 24. Ngf3 Nf6 25. Kh1 Bd7 26. Bd3 a6 27. Rg1 Bb5 28. Bc2
Be2 29. Qe1 Bxf3 30. gxf3 cxd4 31. exd4 b5 32. Bb3 Rc8 33. Qd2 Rec7 34. Qe2 Re8
35. Rg5 Nd7 36. Nd3 Re7 37. Ne5 Re8 38. Nd3 Re7 1/2-1/2

[Event "TCh-TUR Super League 2018"]
[Site "Ankara TUR"]
[Date "2018.07.29"]
[Round "6.6.4"]
[White "Uysal, Burak"]
[Black "Gok, Fatih"]
[Result "1/2-1/2"]
[WhiteElo "2185"]
[BlackElo "1952"]
[WhiteTeam "TARSUS ZEKA SATRANC KULUBU"]
[BlackTeam "GENC AKADEMISYENLER EGITIM KULTUR VE ARASTIRMA KULUBU"]
[WhiteFideId "6339387"]
[BlackFideId "6356591"]
[EventDate "2018.07.25"]

1. e4 c6 2. d4 d5 3. exd5 cxd5 4. Nf3 Nc6 5. Bb5 Nf6 6. Ne5 Bd7 7. Nxd7 Qxd7 8.
c3 e6 9. O-O Bd6 10. Nd2 O-O 11. Bd3 Qc7 12. g3 Rfb8 13. a4 a6 14. f4 Ra7 15. b4
a5 16. b5 Ne7 17. Bb2 Nc8 18. Qf3 Nb6 19. g4 Nfd7 20. h4 Raa8 21. h5 Rf8 22. Bc2
Rfe8 23. Rae1 Rac8 24. Re2 Nf8 25. h6 g6 26. Bb3 Re7 27. f5 exf5 28. gxf5 Rxe2
29. Qxe2 Qd7 30. c4 Re8 31. Qf3 Bb4 32. c5 Bxd2 33. cxb6 Re3 34. Qxd5 Qe7 35.
Qxf7+ Qxf7 36. Bxf7+ Kxf7 37. fxg6+ Kxg6 38. Rxf8 Rb3 39. Ba1 Ra3 40. Rf1 Rxa4
41. Kf2 Rb4 42. Rd1 Bg5 43. Bc3 Rxb5 44. Ra1 Bf6 45. Ke3 Rxb6 46. Rxa5 Kxh6 47.
Ra1 Kg6 48. Rg1+ Kf7 49. Rh1 h6 50. Kd3 Kg6 51. Rg1+ Kh7 52. Bd2 h5 53. Rh1 Kg6
54. d5 h4 55. Ke4 Rb2 56. Be1 Rb1 57. Rg1+ Kf7 58. Bf2 Rb3 59. Rh1 h3 60. Be3
Rb4+ 61. Kf3 Rh4 62. Bf2 Rh5 63. Kg4 Rxd5 64. Rxh3 b5 65. Kf4 Ke6 66. Ke4 b4 67.
Rf3 Rd1 68. Rd3 Rb1 69. Bd4 Be7 70. Rd2 Rb3 71. Rd3 Rb1 72. Rd2 Rh1 73. Bb2 Rh4+
74. Kf3 Bc5 75. Ke2 b3 76. Kd3 Bb4 77. Re2+ Kd5 78. Re5+ Kc6 79. Re4 Kd5 1/2-1/2

[Event "TCh-TUR Super League 2018"]
[Site "Ankara TUR"]
[Date "2018.07.29"]
[Round "6.6.6"]
[White "Kevlishvili, Robby"]
[Black "Yilmaz, Goktan"]
[Result "1-0"]
[WhiteTitle "IM"]
[BlackTitle "CM"]
[WhiteElo "2502"]
[BlackElo "2233"]
[WhiteTeam "TARSUS ZEKA SATRANC KULUBU"]
[BlackTeam "GENC AKADEMISYENLER EGITIM KULTUR VE ARASTIRMA KULUBU"]
[WhiteFideId "1040634"]
[BlackFideId "6354904"]
[EventDate "2018.07.25"]

1. e4 c5 2. Nf3 d6 3. d4 cxd4 4. Nxd4 Nf6 5. Nc3 a6 6. g3 e5 7. Nb3 Nbd7 8. Bg2
b5 9. O-O Bb7 10. Re1 Be7 11. Nd2 O-O 12. Nf1 b4 13. Nd5 Nxd5 14. exd5 f5 15. a3
bxa3 16. Rxa3 Rc8 17. b3 Qe8 18. c4 Bd8 19. Ra2 Qg6 20. Kh1 Bb6 21. Be3 Bxe3 22.
Nxe3 f4 23. Nf1 Nf6 24. Nd2 Rc7 25. Ne4 Nxe4 26. Bxe4 Qh6 27. Kg1 Bc8 28. Qd3
Rcf7 29. c5 Bf5 30. cxd6 fxg3 31. hxg3 Qxd6 32. Re3 Bxe4 33. Qxe4 Rf5 34. Qc4
R5f6 35. Rae2 Qb6 36. Kg2 Kh8 37. b4 Rf5 38. Qc5 Qf6 39. Rxe5 Rxe5 40. Rxe5 Qf3+
41. Kg1 h6 42. Qd4 Rc8 43. Re1 Rd8 44. Rd1 Rd6 45. Rd3 Qf5 46. Rd2 Qg5 47. Kg2
h5 48. Rd1 Qf5 49. Qd3 Qe5 50. Qf3 Kg8 51. Qe3 Qf5 52. Rd4 Kh8 53. Qd3 Qe5 54.
f4 Qe8 55. Re4 Qg6 56. Re3 Qf7 57. Re5 h4 58. gxh4 Rg6+ 59. Kf3 Rb6 60. Qe4 Rb8
61. Rf5 Qe8 62. d6 Rd8 63. Rd5 Rd7 64. Re5 1-0

[Event "TCh-TUR Super League 2018"]
[Site "Ankara TUR"]
[Date "2018.07.30"]
[Round "7.1.1"]
[White "Goganov, Aleksey"]
[Black "Nihal, Sarin"]
[Result "1/2-1/2"]
[WhiteTitle "GM"]
[BlackTitle "IM"]
[WhiteElo "2576"]
[BlackElo "2551"]
[WhiteTeam "TAS DUVAR SPOR KULUBU DERNEGI"]
[BlackTeam "GENC AKADEMISYENLER EGITIM KULTUR VE ARASTIRMA KULUBU"]
[WhiteFideId "24109959"]
[BlackFideId "25092340"]
[EventDate "2018.07.25"]

1. Nf3 d5 2. g3 Nf6 3. Bg2 e6 4. O-O Be7 5. c4 O-O 6. b3 b6 7. Bb2 c5 8. e3 Nc6
9. cxd5 Nxd5 10. d4 Ba6 11. Re1 Ndb4 12. Bf1 Bxf1 13. Rxf1 cxd4 14. a3 Nd5 15.
Nxd4 Nxd4 16. Bxd4 Bf6 17. Ra2 Rc8 18. Rd2 Qe7 19. e4 Bxd4 20. Rxd4 Nf6 21. f3
Rc7 22. Qd2 Rfc8 23. Rd1 Kf8 24. b4 Rc2 25. Qe3 h6 26. R4d3 Qc7 27. Nd2 Qe5 28.
Nf1 g5 29. Qd4 Qxd4+ 30. Rxd4 Ra2 31. R4d3 g4 32. e5 Nd5 33. fxg4 Re2 34. R1d2
Rxe5 35. Kf2 Ke7 36. h3 b5 37. Nh2 Re4 38. Nf3 Rec4 1/2-1/2

[Event "TCh-TUR Super League 2018"]
[Site "Ankara TUR"]
[Date "2018.07.30"]
[Round "7.2.1"]
[White "Zhigalko, Sergei"]
[Black "Mamedov, Rauf"]
[Result "1/2-1/2"]
[WhiteTitle "GM"]
[BlackTitle "GM"]
[WhiteElo "2616"]
[BlackElo "2708"]
[WhiteTeam "KAHRAMANMARAS BUYUKSEHIR BELEDIYESI GENCLIK VE SPOR KULUBU DERNEGI"]
[BlackTeam "BESIKTAS JIMNASTIK KULUBU"]
[WhiteFideId "13502956"]
[BlackFideId "13401653"]
[EventDate "2018.07.25"]

1. e4 e5 2. Nf3 Nf6 3. Nxe5 d6 4. Nf3 Nxe4 5. d4 d5 6. Bd3 Bd6 7. O-O O-O 8. c4
c6 9. Nc3 Nxc3 10. bxc3 dxc4 11. Bxc4 Bf5 12. Bd3 Bxd3 13. Qxd3 Nd7 14. c4 Re8
15. a4 a5 16. Ba3 Bxa3 17. Qxa3 c5 18. d5 Qf6 19. Rfe1 h6 20. h3 Qa6 21. Qb3 Qb6
22. Qd3 Qd6 23. Rab1 b6 24. g3 Nf6 25. Kg2 Rxe1 26. Rxe1 Re8 27. Rb1 Nd7 28. Rb3
Qf6 29. Rb1 Qd6 30. Rb3 Qf6 31. Rb1 Qd6 1/2-1/2

[Event "TCh-TUR Super League 2018"]
[Site "Ankara TUR"]
[Date "2018.07.30"]
[Round "7.2.2"]
[White "Safarli, Eltaj"]
[Black "Kanmazalp, Ogulcan"]
[Result "1-0"]
[WhiteTitle "GM"]
[BlackTitle "IM"]
[WhiteElo "2667"]
[BlackElo "2481"]
[WhiteTeam "BESIKTAS JIMNASTIK KULUBU"]
[BlackTeam "KAHRAMANMARAS BUYUKSEHIR BELEDIYESI GENCLIK VE SPOR KULUBU DERNEGI"]
[WhiteFideId "13402129"]
[BlackFideId "6304990"]
[EventDate "2018.07.25"]

1. e4 e6 2. d4 d5 3. Nd2 c5 4. Ngf3 cxd4 5. Nxd4 Nc6 6. Bb5 Bd7 7. Nxc6 bxc6 8.
Bd3 Bd6 9. Qe2 e5 10. Nf3 Qe7 11. Ba6 Nf6 12. Bg5 Rb8 13. O-O O-O 14. b3 h6 15.
Bxf6 Qxf6 16. Rad1 Rfe8 17. c3 Bg4 18. h3 Be6 19. Rfe1 Rbd8 20. Qe3 dxe4 21. Nd2
Qg6 22. Nxe4 Bd5 23. Bf1 Bxe4 24. Qxe4 Qxe4 25. Rxe4 Bc7 26. Rde1 Rd2 27. a4 Bb6
28. R1e2 Rd3 29. Rc4 Rd6 30. b4 a5 31. g4 f6 32. Bg2 Rc8 33. Be4 Rc7 34. Rb2 Kf7
35. bxa5 Bxa5 36. Rc5 Ra7 37. Bxc6 Rd3 38. Rb3 Ke7 39. Be4 Rd1+ 40. Kg2 Ra1 41.
Rc4 Bd8 42. Bc6 Ra2 43. Rb8 Rd2 44. h4 Ra2 45. h5 Rd2 46. Kf3 Ra2 47. Ke3 Bc7
48. Rb1 Bd8 49. f3 Ba5 50. Rb8 1-0

[Event "TCh-TUR Super League 2018"]
[Site "Ankara TUR"]
[Date "2018.07.30"]
[Round "7.2.3"]
[White "Benidze, Davit"]
[Black "Sanal, Vahap"]
[Result "1/2-1/2"]
[WhiteTitle "GM"]
[BlackTitle "GM"]
[WhiteElo "2487"]
[BlackElo "2515"]
[WhiteTeam "KAHRAMANMARAS BUYUKSEHIR BELEDIYESI GENCLIK VE SPOR KULUBU DERNEGI"]
[BlackTeam "BESIKTAS JIMNASTIK KULUBU"]
[WhiteFideId "13603086"]
[BlackFideId "6300545"]
[EventDate "2018.07.25"]

1. Nf3 Nf6 2. g3 c5 3. Bg2 Nc6 4. O-O e5 5. c4 d5 6. cxd5 Nxd5 7. Nc3 Be6 8. Ng5
Qxg5 9. Nxd5 Qd8 10. Nc3 Be7 11. d3 Qd7 12. Qa4 Rc8 13. Be3 b6 14. a3 O-O 15. b4
Nd4 16. Qxd7 Bxd7 17. Rfb1 Be6 18. Bxd4 exd4 19. Nb5 Bd7 20. bxc5 Bxb5 21. Rxb5
Bxc5 22. a4 Rfe8 23. Rb2 a5 24. Bh3 Rc7 25. Rc2 g6 26. Bg2 f5 27. Bf3 Rce7 28.
Kg2 Kg7 29. h3 Kf6 30. Rb1 Re5 31. Rc4 Rxe2 32. Bxe2 Rxe2 33. Rcc1 Rd2 34. Rd1
Rc2 35. Kf1 Ke6 36. Rdc1 Ra2 1/2-1/2

[Event "TCh-TUR Super League 2018"]
[Site "Ankara TUR"]
[Date "2018.07.30"]
[Round "7.2.6"]
[White "Gledura, Benjamin"]
[Black "Yaran, Siar"]
[Result "1-0"]
[WhiteTitle "GM"]
[BlackTitle "CM"]
[WhiteElo "2626"]
[BlackElo "2261"]
[WhiteTeam "BESIKTAS JIMNASTIK KULUBU"]
[BlackTeam "KAHRAMANMARAS BUYUKSEHIR BELEDIYESI GENCLIK VE SPOR KULUBU DERNEGI"]
[WhiteFideId "712779"]
[BlackFideId "6323006"]
[EventDate "2018.07.25"]

1. Nf3 Nf6 2. c4 e6 3. g3 d5 4. Bg2 Be7 5. O-O O-O 6. b3 b6 7. Bb2 Bb7 8. d4
dxc4 9. bxc4 c5 10. e3 Nc6 11. Nbd2 Qc7 12. Qe2 Rfd8 13. Rfd1 Rac8 14. Nb3 a5
15. Rac1 a4 16. Nbd2 Nb4 17. a3 Nc6 18. Qd3 Na5 19. Qc2 cxd4 20. exd4 b5 21. c5
Bd5 22. Ne5 Nc6 23. Bxd5 Rxd5 24. Ndf3 Nd7 25. Nd3 Rf5 26. Qe2 Bf6 27. Qe4 Be7
28. Nfe5 Ndxe5 29. Nxe5 h5 30. f4 Nxe5 31. fxe5 Qc6 32. Qxc6 Rxc6 33. Kg2 f6 34.
exf6 Bxf6 35. Rb1 e5 36. dxe5 Be7 37. Bd4 Bxc5 38. Rbc1 Bxd4 39. Rxc6 Rf2+ 40.
Kh3 Bxe5 41. Rd5 Bb2 42. Rxb5 Bxa3 43. Ra6 Be7 44. Rxh5 a3 45. Kg4 Rd2 46. Ra7
Bb4 47. Rg5 Bc3 48. Rxa3 Bf6 49. Rh5 Kf7 50. h4 Rd4+ 51. Kh3 Kg6 52. Rb5 Rc4 53.
g4 Rc1 54. Ra6 Rh1+ 55. Kg3 Kh7 56. g5 Bc3 57. Kg4 g6 58. Rb7+ Bg7 59. Raa7 Kh8
60. Re7 Rg1+ 61. Kf3 Rh1 62. Ra4 Rf1+ 63. Kg2 Rf5 64. Ra6 Rf4 65. Kg3 Rf1 66.
Rxg6 Rg1+ 67. Kh2 Rg4 68. Kh3 Ra4 69. Rge6 1-0

[Event "TCh-TUR Super League 2018"]
[Site "Ankara TUR"]
[Date "2018.07.30"]
[Round "7.3.1"]
[White "Inarkiev, Ernesto"]
[Black "Kitir, Ahmet"]
[Result "1-0"]
[WhiteTitle "GM"]
[WhiteElo "2684"]
[BlackElo "2020"]
[WhiteTeam "DENIZ SU AQUAMATCH SATRANC GENCLIK VE SPOR KULUBU DERNEGI"]
[BlackTeam "DARUSSAFAKA SPOR KULUBU"]
[WhiteFideId "4162722"]
[BlackFideId "6327737"]
[EventDate "2018.07.25"]

1. d4 Nf6 2. Nf3 e6 3. g3 d5 4. Bg2 Be7 5. c4 O-O 6. Nc3 dxc4 7. O-O c5 8. dxc5
Qxd1 9. Rxd1 Bxc5 10. Ne5 Nfd7 11. Nxc4 Nc6 12. Ne4 Be7 13. Ned6 Rd8 14. Be3 Nf8
15. Rd2 f6 16. f4 Ng6 17. Rad1 Kf8 18. a3 Nh8 19. b4 Nf7 20. b5 Na5 21. Nxa5
Rxd6 22. Rxd6 Nxd6 23. a4 a6 24. b6 Rb8 25. Bc5 Ne8 26. Nb3 a5 27. Bxe7+ Kxe7
28. Nxa5 Nd6 29. Rc1 Ra8 30. Rc7+ Kd8 31. Nxb7+ Bxb7 32. Bxb7 Rxa4 33. Bc6 Ra1+
34. Kf2 Rd1 35. Rd7+ 1-0

[Event "TCh-TUR Super League 2018"]
[Site "Ankara TUR"]
[Date "2018.07.30"]
[Round "7.3.2"]
[White "Caglar, Ahmet Ata"]
[Black "Kovalev, Vladislav"]
[Result "0-1"]
[BlackTitle "GM"]
[WhiteElo "2097"]
[BlackElo "2655"]
[WhiteTeam "DARUSSAFAKA SPOR KULUBU"]
[BlackTeam "DENIZ SU AQUAMATCH SATRANC GENCLIK VE SPOR KULUBU DERNEGI"]
[WhiteFideId "6328636"]
[BlackFideId "13504398"]
[EventDate "2018.07.25"]

1. d4 Nf6 2. c4 g6 3. Nc3 Bg7 4. e4 d6 5. Be2 O-O 6. Be3 Na6 7. Nf3 e5 8. O-O
Ng4 9. Bg5 Qe8 10. h3 exd4 11. Nxd4 Nf6 12. Bf3 Qe5 13. Be3 Nc5 14. Ndb5 Qe7 15.
Bg5 Be6 16. b4 Na6 17. e5 dxe5 18. Bxb7 Rad8 19. Qe2 Nxb4 20. a3 c6 21. axb4
Qxb7 22. Nxa7 Ra8 23. Bxf6 Bxf6 24. Qf3 Kg7 0-1

[Event "TCh-TUR Super League 2018"]
[Site "Ankara TUR"]
[Date "2018.07.30"]
[Round "7.3.5"]
[White "Atalik, Ekaterina"]
[Black "Buksa, Nataliya"]
[Result "1/2-1/2"]
[WhiteTitle "IM"]
[BlackTitle "WGM"]
[WhiteElo "2461"]
[BlackElo "2337"]
[WhiteTeam "DENIZ SU AQUAMATCH SATRANC GENCLIK VE SPOR KULUBU DERNEGI"]
[BlackTeam "DARUSSAFAKA SPOR KULUBU"]
[WhiteFideId "4130189"]
[BlackFideId "14123622"]
[EventDate "2018.07.25"]

1. d4 d5 2. c4 e6 3. Nc3 Nf6 4. cxd5 exd5 5. Bg5 c6 6. e3 Be7 7. Bd3 Nbd7 8. h3
Nf8 9. Nf3 Nh5 10. Bxe7 Qxe7 11. Qe2 g6 12. O-O-O Be6 13. Kb1 Nd7 14. g4 Ng7 15.
Nd2 O-O-O 16. Rc1 Kb8 17. Na4 h5 18. Nb3 hxg4 19. hxg4 Rxh1 20. Rxh1 Ne8 21.
Nac5 Nxc5 22. dxc5 Nf6 23. f3 Bc8 24. Qh2+ Qc7 25. Qxc7+ Kxc7 26. Kc2 b6 27. g5
Nd7 28. cxb6+ axb6 29. Rh7 Rf8 30. Nd4 Kd6 31. f4 Nc5 32. Nf3 Be6 33. a3 Rb8 34.
Ne5 Rf8 35. Nf3 Bg4 36. Ne5 Be6 37. Nf3 1/2-1/2

[Event "TCh-TUR Super League 2018"]
[Site "Ankara TUR"]
[Date "2018.07.30"]
[Round "7.3.6"]
[White "Asadli, Vugar"]
[Black "Sari, Yasin"]
[Result "1-0"]
[WhiteTitle "IM"]
[BlackTitle "FM"]
[WhiteElo "2478"]
[BlackElo "2330"]
[WhiteTeam "DARUSSAFAKA SPOR KULUBU"]
[BlackTeam "DENIZ SU AQUAMATCH SATRANC GENCLIK VE SPOR KULUBU DERNEGI"]
[WhiteFideId "13405764"]
[BlackFideId "6320902"]
[EventDate "2018.07.25"]

1. Nf3 d5 2. g3 Nf6 3. Bg2 Bf5 4. O-O e6 5. b3 Be7 6. Bb2 O-O 7. d3 h6 8. Nbd2
Nbd7 9. Qe1 Bh7 10. e4 a5 11. a3 c5 12. a4 Rc8 13. Ne5 Nxe5 14. Bxe5 Nd7 15. Bb2
Bf6 16. Bxf6 Nxf6 17. Qe2 Qb6 18. Kh1 Qb4 19. Rad1 Qc3 20. Nb1 Qb4 21. f3 Nd7
22. Qd2 Nb6 23. Nc3 c4 24. bxc4 Nxa4 25. Nxa4 Qxa4 26. Ra1 Qb4 27. c3 Qc5 28.
Rfb1 dxc4 29. d4 Qc7 30. Qb2 f5 31. exf5 Bxf5 32. Re1 b5 33. Qxb5 Rb8 34. Qc5
Qxc5 35. dxc5 Rb3 36. Rec1 Rb5 37. c6 e5 38. f4 exf4 39. gxf4 Kf7 40. Rd1 Bd3
41. Re1 Re8 42. Kg1 Rxe1+ 43. Rxe1 a4 44. Ra1 Bc2 45. Kf2 Ke7 46. Ke3 Kd6 47.
Kd4 Bb3 48. Be4 Ra5 49. Rg1 g5 50. fxg5 Rxg5 51. Rf1 a3 52. Rf6+ Ke7 53. c7 Rg8
54. Ra6 Rc8 55. Rxa3 Rxc7 56. Ra6 h5 57. Rh6 Bd1 58. Rh7+ Kd6 59. Rxc7 Kxc7 60.
h4 Kd6 61. Bd5 Ke7 62. Ke5 Be2 63. Kf5 Kd6 64. Bf7 Bg4+ 65. Kg5 Be2 66. Bxh5 Bd3
67. Bg6 Ke7 68. Bf5 Kf7 69. Kf4 Bf1 70. Ke3 Kf6 71. Bg4 Kg6 72. Be2 Bh3 73. Kf4
Be6 74. Ke5 Bc8 75. Bd1 Kh6 76. Kd5 Ba6 77. Kc5 Kg6 78. Bg4 Bb7 79. Kxc4 Ba6+
80. Kd4 Bf1 81. Ke3 Bc4 82. Be2 Ba2 83. Kd4 Kh6 84. Bc4 Bb1 85. Bd5 Kh5 86. c4
Bf5 87. c5 Bd7 88. Ke5 Kxh4 89. Kd6 Ba4 90. Bc6 Bd1 91. Bd7 Bf3 92. Be6 Kg5 93.
Bd5 Bg4 94. c6 Kf6 95. c7 Bf5 96. Bc6 Bc8 97. Bd7 Ba6 98. Kc6 Ke7 99. Bh3 1-0

[Event "TCh-TUR Super League 2018"]
[Site "Ankara TUR"]
[Date "2018.07.30"]
[Round "7.3.7"]
[White "Shevchenko, Kirill"]
[Black "Unat, Can Haktan"]
[Result "1-0"]
[WhiteTitle "GM"]
[BlackTitle "CM"]
[WhiteElo "2554"]
[BlackElo "2047"]
[WhiteTeam "DENIZ SU AQUAMATCH SATRANC GENCLIK VE SPOR KULUBU DERNEGI"]
[BlackTeam "DARUSSAFAKA SPOR KULUBU"]
[WhiteFideId "14129574"]
[BlackFideId "6398073"]
[EventDate "2018.07.25"]

1. e4 e5 2. Nf3 Nf6 3. Nxe5 d6 4. Nf3 Nxe4 5. Nc3 Nxc3 6. dxc3 Be7 7. Be3 Nc6 8.
Bd3 Be6 9. Qe2 Qd7 10. O-O-O O-O-O 11. Bb5 Kb8 12. Ne5 dxe5 13. Rxd7 Bxd7 14.
Rd1 Bd6 15. Qc4 Na5 16. Qa4 Bxb5 17. Qxb5 Nc6 18. Qc4 Rhf8 19. g4 f6 20. h4 Rde8
21. Bc5 Bxc5 22. Qxc5 Kc8 23. b4 a6 24. a4 Rd8 25. Rxd8+ Rxd8 26. b5 axb5 27.
axb5 Na5 28. Qe7 g5 29. Qe6+ Rd7 30. Qxf6 gxh4 31. Qh8+ Rd8 32. Qxh7 Nc4 33. g5
Nd6 34. g6 Nf5 35. Qf7 Nh6 36. Qe6+ Kb8 37. Qe7 Kc8 38. Qxh4 Ng8 39. Qg4+ Kb8
40. Qe6 Rc8 41. Qxe5 b6 42. f4 1-0

[Event "TCh-TUR Super League 2018"]
[Site "Ankara TUR"]
[Date "2018.07.30"]
[Round "7.4.1"]
[White "Jakovenko, Dmitry"]
[Black "Rakhmanov, Aleksandr"]
[Result "1/2-1/2"]
[WhiteTitle "GM"]
[BlackTitle "GM"]
[WhiteElo "2749"]
[BlackElo "2627"]
[WhiteTeam "HATAY BUYUKSEHIR BELEDIYESI GENCLIK SPOR KULUBU"]
[BlackTeam "ROTA KOLEJI SPOR KULUBU DERNEGI"]
[WhiteFideId "4122356"]
[BlackFideId "4173708"]
[EventDate "2018.07.25"]

1. e4 e5 2. Nf3 Nf6 3. Nxe5 d6 4. Nf3 Nxe4 5. Nc3 Nf6 6. d4 g6 7. Bg5 Bg7 8.
Qe2+ Kf8 9. h3 h6 10. Be3 a6 11. a4 Nc6 12. Qd2 Ne7 13. Bc4 b6 14. O-O Bb7 15.
Qe2 Nf5 16. Rae1 Qd7 17. Bc1 Ne7 18. Bd3 Nc6 19. Na2 b5 20. axb5 axb5 21. Nc3 b4
22. Nd1 Re8 23. Ne3 Ne7 24. Qd1 Kg8 25. Bd2 Rb8 26. Bc4 Ned5 27. Nxd5 Bxd5 28.
Bxd5 Nxd5 29. Qe2 Qc6 30. Qd3 Kh7 31. Qb3 1/2-1/2

[Event "TCh-TUR Super League 2018"]
[Site "Ankara TUR"]
[Date "2018.07.30"]
[Round "7.4.2"]
[White "Tukhaev, Adam"]
[Black "Yilmaz, Mustafa"]
[Result "1/2-1/2"]
[WhiteTitle "GM"]
[BlackTitle "GM"]
[WhiteElo "2542"]
[BlackElo "2624"]
[WhiteTeam "ROTA KOLEJI SPOR KULUBU DERNEGI"]
[BlackTeam "HATAY BUYUKSEHIR BELEDIYESI GENCLIK SPOR KULUBU"]
[WhiteFideId "14109476"]
[BlackFideId "6302718"]
[EventDate "2018.07.25"]

1. e4 c5 2. Nf3 d6 3. d4 cxd4 4. Nxd4 Nf6 5. Nc3 a6 6. Be2 e5 7. Nb3 Be7 8. O-O
O-O 9. Kh1 Nc6 10. f3 a5 11. Bb5 Na7 12. Be2 Nc6 13. Bb5 Na7 14. Bd3 Nc6 15. Be3
Be6 16. Bb5 Na7 17. Bd3 Nc6 18. Bb5 Na7 19. Bd3 Nc6 1/2-1/2

[Event "TCh-TUR Super League 2018"]
[Site "Ankara TUR"]
[Date "2018.07.30"]
[Round "7.4.3"]
[White "Solak, Dragan"]
[Black "Gunduz, Umut Erdem"]
[Result "1/2-1/2"]
[WhiteTitle "GM"]
[WhiteElo "2603"]
[BlackElo "2130"]
[WhiteTeam "HATAY BUYUKSEHIR BELEDIYESI GENCLIK SPOR KULUBU"]
[BlackTeam "ROTA KOLEJI SPOR KULUBU DERNEGI"]
[WhiteFideId "916811"]
[BlackFideId "6381383"]
[EventDate "2018.07.25"]

1. g3 g6 2. Bg2 Bg7 3. e4 e5 4. Ne2 Ne7 5. d4 exd4 6. Nxd4 Nbc6 7. Be3 O-O 8.
Nc3 d6 9. O-O Ne5 10. h3 Nc4 11. Bc1 c6 12. b3 Qa5 13. Nce2 c5 14. bxc4 cxd4 15.
Nxd4 Qc3 16. Be3 Qxc4 17. Qd3 Qa4 18. Rab1 b6 19. Nb5 Ba6 20. c4 Rac8 21. Rfc1
Nc6 22. Nxd6 Rfd8 23. Qd1 Qxa2 24. Rc2 Qa3 25. Rd2 Rb8 26. Rd3 Qa5 27. Qc1 Qe5
28. Qd1 Qe6 29. f4 Bxc4 30. Nxc4 Qxc4 1/2-1/2